00929 2200325 4500001002100000005001500021035002000036007000300056040001700059100002800076245008500104250001200189300003800201020001800239041000800257082000800265084001400273090002100287264004700308336002100355337003000376338002300406650001700429850001000446008004100456500003200497504002800529990002300557990002300580INLIS00000000000842520260520023030 a0010-0922000914ta aSBPUPADbind aWahyu WibowoePengarang1 aMembangun Kultur Perusahaan :bMelalui Kesadaran Komunikasi Adab /cWahyu Wibowo a.-cet.1 axv,217 hlm :bilus. ;c14 x 21 cm a979-22-0852-917aind a658 a658 WAH m a823 SAM q L24-13 a--Jakarta :bGramedia Pustaka Utama,c2003 2rdacontentateks 2rdamediaatanpa perantara 2rdacarrieravolume 4aKepemimpinan aPUPAD260520 0  aTentang Penulis,hlm 215-217 aBibliografi,hlm 209-214 a11252/BR/KAPD/2009 a11251/BR/KAPD/2009